Rocco y sus hermanos
Saved in:
| Main Author: | |
|---|---|
| Format: | Book |
| Language: | Spanish |
| Published: |
Barcelona
Aymá
1963
|
| Series: | Colección Voz Imagen. Serie Cine, 2
|
| Subjects: | |
| Tags: |
Add Tag
No Tags, Be the first to tag this record!
|
MARC
| LEADER | 00000cam a2200000 a 4500 | ||
|---|---|---|---|
| 001 | UCV8412 | ||
| 003 | CL-VaPUC | ||
| 008 | 910611e19630000SP |||||||||||||||||spa|d | ||
| 082 | 0 | 4 | |a 791.437 |b VIS |2 21 |
| 100 | 0 | |a Visconti, Luchino |e author |9 267225 | |
| 245 | 1 | 0 | |a Rocco y sus hermanos |
| 300 | |a 217 p | ||
| 942 | |c BK | ||
| 945 | |d 19910611 00:00:00 | ||
| 260 | |a Barcelona |b Aymá |c 1963 | ||
| 650 | 0 | |a Cine |9 225706 | |
| 650 | 7 | |a PRODUCCION Y DIRECCION |2 CL-VaPUC |9 302472 | |
| 583 | |a last modification |c 20190402 09:09:38 |k Rodrigo Vera | ||
| 490 | 0 | |a Colección Voz Imagen. Serie Cine, 2 | |
| 999 | |c 213930 |d 213928 | ||
| 952 | |0 0 |1 0 |3 erb |4 0 |6 791_437000000000000_VIS_1963 |7 0 |8 A |9 196829 |a BIBART |b BIBART |i 5475627 |o 791.437 VIS 1963 |p 5475627 |r 2025-03-13 |w 2019-11-14 |y BK |z Catalogado en:20180615 |k ART | ||